|
|
|
|
| LEADER |
02511nam a2200325 a 4500 |
| 001 |
GR-Patra20154 |
| 008 |
980220s1996 gr b u001 0 gre d |
| 020 |
|
|
|a 9604312278
|
| 040 |
|
|
|a GrPaTEI
|b gre
|c GR-PaULI
|
| 082 |
|
0 |
|a 515.352
|2 21
|
| 100 |
1 |
|
|a Παντελίδης, Γεώργιος Ν.
|
| 245 |
1 |
0 |
|a Συνήθεις διαφορικές εξισώσεις /
|c Γ. Ν. Παντελίδη, Δ. Χ. Κραββαρίτη, Ν. Σ. Χατζησάββα.
|
| 250 |
|
|
|a 2η έκδ.
|
| 260 |
|
|
|a Αθήνα :
|b Ζήτη,
|c [199_]
|
| 300 |
|
|
|a 391 σ. :
|b πιν. ;
|c 24 εκ.
|
| 500 |
|
|
|a Γενικά περί διαφορικών εξισώσεων. Συνήθεις διαφορικές εξισώσεις πρώτης τάξεως. Θεωρήματα υπάρξεως και μοναδικότητας της λύσεως για διαφορικές εξισώσεις πρώτης τάξεως. Γραμμικές διαφορικές εξισώσεις με σταθερούς συντελεστές. Μετασχηματισμός Laplace-Εφαρμογές. Επίλυση διαφορικών εξισώσεων με δυναμοσειρές. Συστήματα διαφορικών εξισώσεων. Προβλήματα συνοριακών τιμών. Ευστάθεια.
|
| 500 |
|
|
|a Τμήμα Ανακαίνισης και Αποκατάστασης Κτιρίων: 29247-29249
|
| 504 |
|
|
|a Περιλαμβάνει βιβλιογραφία και ευρετήριο.
|
| 650 |
|
0 |
|a DIFFERENTIAL EQUATIONS
|
| 650 |
|
0 |
|a Differential equations
|v Problems, exercises, etc.
|
| 650 |
|
4 |
|a ΔΙΑΦΟΡΙΚΕΣ ΕΞΙΣΩΣΕΙΣ, ΣΥΝΗΘΕΙΣ
|
| 700 |
1 |
|
|a Κραββαρίτης, Δημήτρης Χ.
|
| 700 |
1 |
|
|a Χατζησάββας, Νικόλαος,
|d 1953-
|
| 710 |
0 |
|
|a Ζήτη
|
| 942 |
|
|
|2 ddc
|
| 952 |
|
|
|0 0
|1 0
|2 ddc
|4 0
|6 515_352000000000000_ΠΑΝ
|7 0
|9 300557
|a LISK
|b LISK
|c BSC
|d 2021-01-17
|e 24
|f 0
|g 0.00
|l 0
|o 515.352 ΠΑΝ
|p 92410029247
|r 2021-01-17 00:00:00
|t 1
|w 2021-01-17
|y BK15
|x 20061004 0 1
|x GrPaTEI
|
| 952 |
|
|
|0 0
|1 0
|2 ddc
|4 0
|6 515_352000000000000_ΠΑΝ
|7 0
|9 300558
|a LISK
|b LISK
|c BSC
|d 2021-01-17
|e 24
|f 0
|g 0.00
|l 0
|o 515.352 ΠΑΝ
|p 92410029248
|r 2021-01-17 00:00:00
|t 1
|w 2021-01-17
|y BK15
|x 20061004 0 1
|x GrPaTEI
|
| 952 |
|
|
|0 0
|1 0
|2 ddc
|4 0
|6 515_352000000000000_ΠΑΝ
|7 1
|9 300559
|a LISK
|b LISK
|c BSC
|d 2021-01-17
|e 24
|f 0
|g 0.00
|l 0
|o 515.352 ΠΑΝ
|p 92410029249
|r 2021-01-17 00:00:00
|t 1
|w 2021-01-17
|y BKN
|x 20061004 0 0
|x GrPaTEI
|
| 971 |
|
|
|a .b2667726x
|b 16-04-20
|c 26-09-16
|
| 999 |
|
|
|c 174778
|d 174778
|